000 00572nam a22001817a 4500
999 _c8349
_d8349
008 201113b ||||| |||| 00| 0 eng d
040 _aBMS College of Architecture
100 _aBharath, Neelima K
245 _aConquering waves - fishermen community and support system
300 _a48p.
500 _a1BM15AT053
502 _8B,Arch
_NBMS College of Architecture, Visvesvaraya Technological University (VTU)
_aProject report
_d2019
650 _aConquering
650 _aCommunity
700 _aPrathima Reddy
_eGuide
700 _aBhavesh Mehta
942 _2ddc
_cTHE